00350nam a2200145Ia 4500008004100000041000800041082002500049100001500074245003700089250001200126260002700138300000800165365001600173710001500189230312s9999 xx 000 0 und d aeng a621.388b621.388 DHA aDhake A.M. aTelevision And Video Engineering a2nd ed. c2011bTata McGraw Hill a646 cRs.b500.00 aDhake A.M.